[Event "TCh-HUN 2017-18"]
[Site "Hungary HUN"]
[Date "2017.12.03"]
[Round "3.1"]
[White "Gledura, Benjamin"]
[Black "Mihok, Oliver"]
[Result "1/2-1/2"]
[WhiteTitle "GM"]
[BlackTitle "GM"]
[WhiteElo "2605"]
[BlackElo "2543"]
[WhiteTeam "HUSI SC"]
[BlackTeam "Duocor-Makoi SVSE"]
[WhiteFideId "712779"]
[BlackFideId "728012"]
[EventDate "2017.11.25"]
[EventType "team-tourn"]

1. Nf3 c5 2. c4 Nc6 3. Nc3 e5 4. g3 g6 5. Bg2 Bg7 6. O-O Nge7 7. a3 O-O 8. Ne1
d6 9. Nc2 Be6 10. Ne3 a6 11. b4 Rb8 12. bxc5 dxc5 13. Rb1 f5 14. d3 Qd7 15. Rb6
Nd4 16. Na4 Rfc8 17. Nc2 Qxa4 18. Nxd4 Qxd1 19. Rxd1 cxd4 20. Rxe6 Rc7 21. Bd2
Kf7 22. Rb6 Nc8 23. Rb3 Bf8 24. Rdb1 b6 25. a4 Bc5 26. f4 e4 27. dxe4 fxe4 28.
Bxe4 Nd6 29. Bd3 Rcb7 30. Kg2 a5 31. g4 Ra7 32. Kf3 Re8 33. Rxb6 Bxb6 34. Rxb6
Nb7 35. Rb5 Rc8 36. h4 Nd6 37. Rxa5 Rxa5 38. Bxa5 Nxc4 39. Bb4 Nb6 40. a5 Nd5
41. Bd2 Nc3 42. Be1 Rc5 43. a6 Ra5 44. f5 gxf5 45. gxf5 Ra3 46. Bg3 Kf6 47. Bd6
Ra4 48. Bb8 h5 49. a7 Ra1 50. Kg3 Rg1+ 51. Kf2 Ra1 52. Kg2 Ra3 53. Kf2 Ra1 54.
e4 dxe3+ 55. Kxe3 Ra4 56. Kd2 Nd5 57. Be4 Nb6 58. Ke3 Ra3+ 59. Kf4 Ra4 60. Ke3
Ra3+ 61. Kd4 Ra5 62. Bc7 Ra4+ 63. Kd3 Na8 64. Bb8 Nb6 65. Ke3 Nc4+ 66. Kd3 Nb6
67. Bc7 Na8 68. Bd8+ Ke5 69. Bxa8 Rxa7 70. Bc6 Ra3+ 71. Ke2 Kxf5 72. Bf3 Ra2+
73. Ke3 Ra3+ 74. Kf2 Ra2+ 75. Kg3 Ra3 76. Bg5 Rb3 77. Kf2 Rb2+ 78. Ke3 Rb3+ 79.
Ke2 Rb2+ 80. Kd1 Rb1+ 81. Kd2 Rg1 82. Be3 Rg3 83. Ke2 Rh3 84. Bg5 Rg3 85. Bd2
Rg8 86. Kf2 Rd8 87. Be3 Re8 88. Ba7 Rc8 89. Bxh5 Rh8 90. Bf3 Rxh4 1/2-1/2

[Event "TCh-HUN 2017-18"]
[Site "Hungary HUN"]
[Date "2017.12.03"]
[Round "3.2"]
[White "Popovic, Dusan"]
[Black "Pinter, Jozsef"]
[Result "1-0"]
[WhiteTitle "GM"]
[BlackTitle "GM"]
[WhiteElo "2525"]
[BlackElo "2539"]
[WhiteTeam "Duocor-Makoi SVSE"]
[BlackTeam "HUSI SC"]
[WhiteFideId "927031"]
[BlackFideId "700045"]
[EventDate "2017.11.25"]
[EventType "team-tourn"]

1. e4 e5 2. Nf3 Nc6 3. Bb5 a6 4. Ba4 Nf6 5. O-O Be7 6. Re1 b5 7. Bb3 d6 8. c3
O-O 9. d4 Bg4 10. Be3 Bh5 11. h3 exd4 12. cxd4 Na5 13. Bc2 Nc4 14. Bc1 d5 15. e5
Ne4 16. b3 Nb6 17. g4 Bg6 18. Nfd2 Nxf2 19. Kxf2 Bh4+ 20. Ke2 Bxe1 21. Kxe1 Qh4+
22. Ke2 Qxh3 23. Bf5 Bxf5 24. gxf5 Qxf5 25. Nf3 f6 26. Qd3 Qg4 27. Nd2 fxe5 28.
dxe5 c5 29. Bb2 Qg2+ 30. Kd1 Rac8 31. Rc1 Qg4 32. Ke2 Qf5 33. Qxf5 Rxf5 34. Rg1
Re8 35. Rc1 Nd7 36. b4 c4 37. Rg1 g6 38. Nf1 Rxf3 39. Kxf3 Nxe5+ 40. Bxe5 Rxe5
41. Ng3 d4 42. Kf4 Re6 43. Ne4 c3 44. Rg2 Kg7 45. Rc2 h5 46. Nc5 Re7 47. Ne4 Kh6
48. Rc1 Re8 49. Nc5 g5+ 50. Kf5 g4 51. Ne6 Rc8 52. Nxd4 Rc4 53. Nc2 g3 54. Ne3
Rc8 55. Kf4 h4 56. Kg4 c2 57. Nf5+ Kh7 58. Nxh4 Rc4+ 59. Kxg3 Rxb4 60. Rxc2 a5
61. Nf3 a4 62. Kf2 Rb1 63. Nd2 Ra1 64. Ke3 b4 65. Nc4 Rd1 66. Rd2 Rc1 67. Kd4
Rb1 68. Kc5 a3 69. Na5 Rb2 70. Nb3 1-0

[Event "TCh-HUN 2017-18"]
[Site "Hungary HUN"]
[Date "2017.12.03"]
[Round "3.3"]
[White "Havasi, Gergo"]
[Black "Kovacevic, Aleksandar"]
[Result "1/2-1/2"]
[WhiteTitle "IM"]
[BlackTitle "GM"]
[WhiteElo "2377"]
[BlackElo "2493"]
[WhiteTeam "HUSI SC"]
[BlackTeam "Duocor-Makoi SVSE"]
[WhiteFideId "760293"]
[BlackFideId "903124"]
[EventDate "2017.11.25"]
[EventType "team-tourn"]

1. e4 c5 2. Nf3 d6 3. Bb5+ Nd7 4. d4 cxd4 5. Qxd4 a6 6. Bxd7+ Bxd7 7. Nc3 e5 8.
Qd3 h6 9. O-O Nf6 10. a4 Be7 11. Rd1 Rc8 12. Nd2 Bg4 13. f3 Be6 14. Nf1 O-O 15.
Ne3 Qc7 16. Bd2 Rfd8 17. Kh1 Bc4 18. Nxc4 Qxc4 19. Be1 Kf8 20. Bh4 Qxd3 21. Rxd3
Nd7 22. Bxe7+ Kxe7 23. Nd5+ Ke6 24. Ne3 g6 25. g4 Rc6 26. b3 Rdc8 27. Rad1 b5
28. axb5 axb5 29. Nd5 Nc5 30. R3d2 Ra8 31. Nb4 Rb6 32. Nd5 Rb7 33. Nb4 Rb6 34.
Nd5 1/2-1/2

[Event "TCh-HUN 2017-18"]
[Site "Hungary HUN"]
[Date "2017.12.03"]
[Round "3.4"]
[White "Sipos, Istvan"]
[Black "Stankovic, Milos"]
[Result "1-0"]
[WhiteTitle "IM"]
[BlackTitle "IM"]
[WhiteElo "2468"]
[BlackElo "2396"]
[WhiteTeam "Duocor-Makoi SVSE"]
[BlackTeam "HUSI SC"]
[WhiteFideId "720631"]
[BlackFideId "938190"]
[EventDate "2017.11.25"]
[EventType "team-tourn"]

1. c4 e5 2. Nc3 Nc6 3. g3 Bc5 4. Bg2 a6 5. e3 d6 6. Nge2 Ba7 7. O-O h5 8. Nd5 h4
9. b4 Nf6 10. Bb2 Nxd5 11. cxd5 Ne7 12. Rc1 hxg3 13. fxg3 Bg4 14. Rf2 Qd7 15.
Qc2 O-O-O 16. b5 axb5 17. Nc3 Bf5 18. Qb3 Bd3 19. Bf1 Bxf1 20. Rcxf1 f5 21. Nxb5
Bb6 22. Ba3 Kb8 23. Nxd6 cxd6 24. Qxb6 Nxd5 25. Qb3 Ne7 26. Rb1 Qc6 27. d3 Nc8
28. Rxf5 Rdf8 29. Rbf1 Rxf5 30. Rxf5 Nb6 31. e4 d5 32. Rxe5 Qh6 33. Qb2 Qe3+ 34.
Kg2 Qxd3 35. Bd6+ Ka8 36. Qa3+ Qxa3 37. Bxa3 Nc4 38. Rg5 Nxa3 39. exd5 Rd8 40.
Rxg7 Rxd5 41. h4 Nc4 42. g4 Ra5 43. h5 Ne3+ 44. Kf3 Nxg4 45. Kxg4 Rxa2 46. h6
Rh2 47. Kg5 Ka7 48. h7 Rg2+ 49. Kh6 Rh2+ 50. Kg6 Rg2+ 51. Kf7 Rh2 52. Kg8 Ka6
53. h8=Q Rxh8+ 54. Kxh8 b5 55. Rg5 Ka5 56. Kg7 Ka4 57. Kf6 b4 58. Ke5 b3 59. Kd4
b2 60. Rg1 Kb3 61. Kd3 1-0

[Event "TCh-HUN 2017-18"]
[Site "Hungary HUN"]
[Date "2017.12.03"]
[Round "3.5"]
[White "Lajthajm, Borko"]
[Black "Csonka, Balazs"]
[Result "1/2-1/2"]
[WhiteTitle "GM"]
[BlackTitle "FM"]
[WhiteElo "2465"]
[BlackElo "2451"]
[WhiteTeam "HUSI SC"]
[BlackTeam "Duocor-Makoi SVSE"]
[WhiteFideId "916358"]
[BlackFideId "742910"]
[EventDate "2017.11.25"]
[EventType "team-tourn"]

1. Nf3 d5 2. b3 c5 3. e3 Nf6 4. Bb2 Nc6 5. Bb5 Bd7 6. O-O e6 7. c4 a6 8. Bxc6
Bxc6 9. Ne5 Rc8 10. Nxc6 Rxc6 11. Bxf6 gxf6 12. cxd5 Qxd5 13. Nc3 Qd3 14. Rc1 f5
15. Ne2 Bd6 16. Rc3 Qd5 17. Qc2 Be5 18. Rc4 b5 19. Rh4 Bf6 20. e4 fxe4 21. Rxe4
c4 22. bxc4 Rxc4 23. Rxc4 Qxc4 24. Qxc4 bxc4 25. Rb1 O-O 26. Kf1 Rd8 27. Ke1 Rd3
28. Nf4 Ra3 29. Rb8+ Kg7 30. Nh5+ Kg6 31. Nxf6 Kxf6 32. Rb2 Ke5 33. h4 h5 34.
Ke2 f5 35. Kd1 a5 36. Kc1 Kd4 37. Rb6 Rxa2 38. Rxe6 c3 39. dxc3+ Kxc3 40. Re3+
Kd4 41. Rf3 Ke4 42. Kd1 f4 43. Ke1 a4 44. Rc3 a3 45. Rf3 Kf5 46. Rh3 Kg4 47. Rf3
Ra1+ 48. Ke2 Ra2+ 49. Ke1 Ra1+ 50. Ke2 a2 51. Ra3 Rg1 52. Rxa2 Rxg2 53. Ra8 f3+
54. Ke3 Kxh4 55. Kxf3 Rg7 56. Ra1 1/2-1/2

[Event "TCh-HUN 2017-18"]
[Site "Hungary HUN"]
[Date "2017.12.03"]
[Round "3.6"]
[White "Farkas, Tibor"]
[Black "Drazic, Sinisa"]
[Result "0-1"]
[WhiteTitle "IM"]
[BlackTitle "GM"]
[WhiteElo "2315"]
[BlackElo "2453"]
[WhiteTeam "Duocor-Makoi SVSE"]
[BlackTeam "HUSI SC"]
[WhiteFideId "933333"]
[BlackFideId "901172"]
[EventDate "2017.11.25"]
[EventType "team-tourn"]

1. e4 c5 2. Nf3 h6 3. c4 g5 4. d4 Bg7 5. h3 cxd4 6. Nxd4 Qb6 7. Nb3 Qg6 8. Qe2
Nc6 9. h4 d6 10. Nc3 Be6 11. Nd5 Rc8 12. h5 Qh7 13. f3 f5 14. Nd2 Nd4 15. Qd1
fxe4 16. Ne3 exf3 17. Nxf3 Qe4 18. Bd3 Nxf3+ 19. gxf3 Qc6 20. Bg6+ Kd8 21. Be4
Qb6 22. Nf5 Bxf5 0-1

[Event "TCh-HUN 2017-18"]
[Site "Hungary HUN"]
[Date "2017.12.03"]
[Round "3.7"]
[White "Borocz, Istvan1"]
[Black "Tatar Kis, Szabolcs"]
[Result "1-0"]
[WhiteTitle "IM"]
[BlackTitle "IM"]
[WhiteElo "2362"]
[BlackElo "2378"]
[WhiteTeam "HUSI SC"]
[BlackTeam "Duocor-Makoi SVSE"]
[WhiteFideId "703036"]
[BlackFideId "702595"]
[EventDate "2017.11.25"]
[EventType "team-tourn"]

1. Nf3 Nf6 2. g3 g6 3. Bg2 Bg7 4. c4 O-O 5. O-O d6 6. Nc3 e5 7. d3 c6 8. Rb1 Re8
9. b4 e4 10. Nxe4 Nxe4 11. dxe4 Rxe4 12. Nd2 Re8 13. Bb2 Bf5 14. Bxg7 Kxg7 15.
Rb3 Nd7 16. h3 a5 17. g4 Be6 18. a3 axb4 19. axb4 Ra2 20. Re3 Qb6 21. Ne4 Qxb4
22. Nxd6 Rea8 23. Qd4+ Kg8 24. Qf4 Nc5 25. Rxe6 fxe6 26. Qf7+ Kh8 27. Qf6+ Kg8
28. Nf7 Qd2 29. g5 1-0

[Event "TCh-HUN 2017-18"]
[Site "Hungary HUN"]
[Date "2017.12.03"]
[Round "3.8"]
[White "Hajnal, Zoltan"]
[Black "Dory, Jeno"]
[Result "1-0"]
[WhiteTitle "IM"]
[BlackTitle "IM"]
[WhiteElo "2370"]
[BlackElo "2228"]
[WhiteTeam "Duocor-Makoi SVSE"]
[BlackTeam "HUSI SC"]
[WhiteFideId "717754"]
[BlackFideId "700860"]
[EventDate "2017.11.25"]
[EventType "team-tourn"]

1. e4 c5 2. Nf3 Nc6 3. d4 cxd4 4. Nxd4 g6 5. Nc3 Bg7 6. Be3 Nf6 7. Bc4 Qa5 8.
O-O O-O 9. Bb3 d6 10. h3 Bd7 11. Re1 Rac8 12. Nd5 Rfe8 13. Bd2 Qa6 14. Bc3 Nxd5
15. exd5 Na5 16. Re4 Bf6 17. Qe1 Nc4 18. Nf3 b5 19. Bxc4 bxc4 20. Qd2 Bxc3 21.
Qxc3 Bf5 22. Rh4 Qb5 23. Rd1 Rb8 24. Qe3 e5 25. Qh6 Qxb2 26. Ng5 Rb7 27. Nxh7 e4
28. Qg5 Kg7 29. Nf6 Qxf6 30. Rh7+ Kxh7 31. Qxf6 Kg8 32. g4 1-0

[Event "TCh-HUN 2017-18"]
[Site "Hungary HUN"]
[Date "2017.12.03"]
[Round "3.9"]
[White "Kosanovic, Goran A"]
[Black "Horvath, Zsolt"]
[Result "1-0"]
[WhiteTitle "GM"]
[BlackTitle "FM"]
[WhiteElo "2368"]
[BlackElo "2381"]
[WhiteTeam "HUSI SC"]
[BlackTeam "Duocor-Makoi SVSE"]
[WhiteFideId "901466"]
[BlackFideId "723070"]
[EventDate "2017.11.25"]
[EventType "team-tourn"]

1. d4 Nf6 2. Nf3 d6 3. Nc3 Bg4 4. e4 e6 5. h3 Bh5 6. Bg5 Be7 7. Bd3 c6 8. g4 Bg6
9. Qe2 d5 10. Bxf6 Bxf6 11. O-O-O Qa5 12. h4 dxe4 13. Bxe4 Nd7 14. Kb1 O-O-O 15.
Bxc6 bxc6 16. h5 Nb6 17. hxg6 hxg6 18. Rxh8 Rxh8 19. g5 Bxg5 20. Ne5 Nd5 21.
Nxd5 Qxd5 22. c4 Qa5 23. Qf3 Qc7 24. Nxc6 Bf6 25. d5 Qb6 26. Qa3 Rh3 27. Qf8+
Kb7 28. Qxf7+ Ka6 29. b4 1-0

[Event "TCh-HUN 2017-18"]
[Site "Hungary HUN"]
[Date "2017.12.03"]
[Round "3.10"]
[White "Szalai, Kornel"]
[Black "Fendrik, Lajos"]
[Result "1/2-1/2"]
[WhiteTitle "IM"]
[WhiteElo "2397"]
[BlackElo "2202"]
[WhiteTeam "Duocor-Makoi SVSE"]
[BlackTeam "HUSI SC"]
[WhiteFideId "724378"]
[BlackFideId "735701"]
[EventDate "2017.11.25"]
[EventType "team-tourn"]

1. Nf3 d5 2. g3 Nf6 3. Bg2 e6 4. O-O c5 5. d3 Nc6 6. Nbd2 Be7 7. e4 O-O 8. e5
Nd7 9. Re1 Qc7 10. Qe2 b5 11. c3 a5 12. Nf1 Bb7 13. h4 Rfc8 14. Bf4 d4 15. a4
dxc3 16. bxc3 b4 17. c4 Rd8 18. N1d2 Nb6 19. Nb3 Bf8 20. h5 h6 21. g4 Be7 22.
Kh2 Rd7 23. Red1 Qd8 24. Rd2 Qe8 25. Qe3 Nd4 26. Nfxd4 cxd4 27. Qg3 Bxg2 28.
Qxg2 f6 29. exf6 Bxf6 30. Re2 e5 31. Bg3 Rda7 32. f4 Nxa4 33. fxe5 Nc3 34. Ree1
Bg5 35. Nxd4 Qd7 36. Nf5 Qxd3 37. e6 b3 38. Be5 Qd2 39. Bxc3 Qxc3 40. e7 Re8 41.
Qd5+ Kh8 42. Qf7 Raa8 43. Rxa5 Rab8 44. Rb5 Ra8 45. Ra5 Rac8 46. Rb5 Bf6 47. Re3
Qd2+ 48. Kh3 b2 49. g5 b1=Q 50. Rxb1 Qf2 51. Qe6 Bxg5 52. Rg3 Qc2 53. Re1 Rb8
54. Re2 Qd1 55. Rxg5 Qh1+ 56. Rh2 Qf1+ 57. Rgg2 Qf3+ 58. Ng3 Rb3 59. Qg4 Qf7 60.
Re2 Qf1+ 61. Reg2 Rxe7 62. Kh4 Qf6+ 63. Kh3 Qf1 64. Kh4 Qf6+ 65. Kh3 Qf1 66. c5
Ree3 67. Kh4 Qf6+ 68. Kh3 Qf1 69. Kh4 Qf6+ 70. Kh3 Qf1 71. Kh4 1/2-1/2

[Event "TCh-HUN 2017-18"]
[Site "Hungary HUN"]
[Date "2017.12.03"]
[Round "3.11"]
[White "Biro, David"]
[Black "Kecskemeti, Arpad"]
[Result "1-0"]
[WhiteElo "2222"]
[BlackElo "2216"]
[WhiteTeam "HUSI SC"]
[BlackTeam "Duocor-Makoi SVSE"]
[WhiteFideId "717355"]
[BlackFideId "925322"]
[EventDate "2017.11.25"]
[EventType "team-tourn"]

1. d4 Nf6 2. c4 g6 3. Nc3 d6 4. e4 Bg7 5. f3 O-O 6. Be3 a6 7. Qd2 Nc6 8. Nge2
Na5 9. Nc1 Nd7 10. Rb1 c5 11. d5 Ne5 12. b3 Rb8 13. Bh6 e6 14. Bxg7 Kxg7 15. Nd3
exd5 16. cxd5 Nd7 17. Nd1 b5 18. Ne3 Re8 19. Be2 f5 20. exf5 Qh4+ 21. Nf2 Qd4
22. Ne4 Nf6 23. Nxf6 Rxe3 24. Ng4 Bxf5 25. Nxe3 Bxb1 26. Qxa5 Re8 27. O-O Bf5
28. Rf2 Qxe3 29. Bf1 Bd3 30. Qc3+ Qd4 31. Qxd4+ cxd4 32. Bxd3 Re3 33. Rd2 1-0

[Event "TCh-HUN 2017-18"]
[Site "Hungary HUN"]
[Date "2017.12.03"]
[Round "3.12"]
[White "Juhasz, Barbara"]
[Black "Fuad Kamel Jamaliah, Natalie"]
[Result "1-0"]
[WhiteTitle "WFM"]
[BlackTitle "WIM"]
[WhiteElo "2190"]
[BlackElo "2005"]
[WhiteTeam "Duocor-Makoi SVSE"]
[BlackTeam "HUSI SC"]
[WhiteFideId "743585"]
[BlackFideId "724190"]
[EventDate "2017.11.25"]
[EventType "team-tourn"]

1. e4 c5 2. Nf3 d6 3. g3 Nf6 4. d3 e6 5. Bg2 Be7 6. O-O O-O 7. c3 Qc7 8. Re1 e5
9. Nbd2 a6 10. d4 b5 11. a4 Bb7 12. axb5 axb5 13. Rxa8 Bxa8 14. d5 Nbd7 15. b3
Rb8 16. Nh4 Ne8 17. Nf5 Bf8 18. h4 Bb7 19. Nf1 Bc8 20. g4 Ndf6 21. g5 Nd7 22.
N1g3 Nb6 23. Ne3 Bd7 24. Rf1 c4 25. b4 Ra8 26. h5 Ra2 27. Ne2 Qc8 28. Qe1 Qd8
29. Nf5 g6 30. hxg6 fxg6 31. Nfg3 Bg4 32. f3 Bd7 33. Be3 Nc8 34. Qb1 Ra6 35. f4
exf4 36. Bxf4 Bg7 37. Qb2 Qb6+ 38. Kh2 Qa7 39. Qd2 Bg4 40. Bf3 Ra2 41. Qc1 Qd7
42. Qe3 Bxf3 43. Qxf3 Nb6 44. Rf2 Na4 45. e5 Rc2 46. e6 Qe7 47. Ne4 Nb2 48. Bg3
Nd3 49. Qf7+ 1-0

[Event "TCh-HUN 2017-18"]
[Site "Hungary HUN"]
[Date "2017.12.17"]
[Round "4.2"]
[White "Horvath, Jozsef1"]
[Black "Juhasz, Armin"]
[Result "1/2-1/2"]
[WhiteTitle "GM"]
[BlackTitle "IM"]
[WhiteElo "2533"]
[BlackElo "2369"]
[WhiteTeam "Penzugyor SE"]
[BlackTeam "MTK Budapest"]
[WhiteFideId "700061"]
[BlackFideId "724270"]
[EventDate "2017.11.25"]
[EventType "team-tourn"]

1. d4 Nf6 2. Nc3 d5 3. Bf4 e6 4. e3 Bd6 5. Nf3 O-O 6. Bd3 c5 7. dxc5 Bxc5 8. O-O
Nc6 9. e4 dxe4 10. Nxe4 Nd5 11. Nxc5 Nxf4 12. Be4 Qe7 13. Nd3 Rd8 14. Re1 Nxd3
15. cxd3 Bd7 16. d4 Qf6 17. a3 Be8 18. Qb3 Rab8 19. d5 exd5 20. Bxd5 Na5 21. Qa2
Bc6 22. Rad1 Bxd5 23. Rxd5 Rxd5 24. Qxd5 Nc6 25. Qb5 g6 26. h3 Nd4 27. Nxd4 Qxd4
28. Qe5 Qxe5 29. Rxe5 Kf8 30. g4 1/2-1/2

[Event "TCh-HUN 2017-18"]
[Site "Hungary HUN"]
[Date "2017.12.17"]
[Round "4.3"]
[White "Marosi, Levente"]
[Black "Balog, Imre"]
[Result "0-1"]
[WhiteTitle "FM"]
[BlackTitle "GM"]
[WhiteElo "2293"]
[BlackElo "2539"]
[WhiteTeam "MTK Budapest"]
[BlackTeam "Penzugyor SE"]
[WhiteFideId "747181"]
[BlackFideId "728446"]
[EventDate "2017.11.25"]
[EventType "team-tourn"]

1. e4 g6 2. d4 Bg7 3. Nf3 d6 4. c4 Nf6 5. Nc3 O-O 6. Be2 c5 7. O-O Nc6 8. d5 Na5
9. h3 e5 10. a3 b6 11. b4 Nb7 12. Be3 Nh5 13. Re1 f5 14. Nh2 f4 15. Bd2 Nf6 16.
Ng4 Nd7 17. Nh2 h5 18. b5 Nf6 19. a4 Na5 20. Na2 Nxe4 21. Bxa5 Qh4 22. Rf1 bxa5
23. Nf3 Qf6 24. h4 Bf5 25. Rc1 Rae8 26. Re1 Nxf2 27. Kxf2 e4 28. Ng5 Qb2 0-1

[Event "TCh-HUN 2017-18"]
[Site "Hungary HUN"]
[Date "2017.12.17"]
[Round "4.4"]
[White "Hujbert, Florian"]
[Black "Juhasz, Kristof"]
[Result "1/2-1/2"]
[WhiteTitle "IM"]
[WhiteElo "2444"]
[BlackElo "1605"]
[WhiteTeam "Penzugyor SE"]
[BlackTeam "Aquarena Kobanya SC"]
[WhiteFideId "730165"]
[BlackFideId "764507"]
[EventDate "2017.11.25"]
[EventType "team-tourn"]

1. Nf3 Nf6 2. b3 g6 3. Bb2 Bg7 4. g3 b6 5. Bg2 Bb7 6. O-O O-O 7. c4 c5 8. Nc3
Nc6 9. d4 Nxd4 10. Nxd4 Bxg2 11. Kxg2 cxd4 12. Qxd4 d5 13. cxd5 e6 14. Rad1 Nxd5
15. Qxg7+ Kxg7 16. Nxd5+ Kh6 17. Nf6 Qc8 18. f4 Kg7 19. Ne8+ Kg8 20. Nf6+ Kg7
21. Ne8+ Kg8 22. Nf6+ Kg7 1/2-1/2

[Event "TCh-HUN 2017-18"]
[Site "Hungary HUN"]
[Date "2017.12.17"]
[Round "4.5"]
[White "Szabo, Balazs"]
[Black "Seres, Lajos"]
[Result "0-1"]
[WhiteTitle "FM"]
[BlackTitle "GM"]
[WhiteElo "2254"]
[BlackElo "2406"]
[WhiteTeam "MTK Budapest"]
[BlackTeam "Penzugyor SE"]
[WhiteFideId "727105"]
[BlackFideId "701254"]
[EventDate "2017.11.25"]
[EventType "team-tourn"]

1. e4 c5 2. c3 Nf6 3. e5 Nd5 4. Nf3 Nc6 5. Bc4 Nb6 6. Bb3 d5 7. exd6 Qxd6 8. Na3
a6 9. O-O e6 10. Qe2 Be7 11. d4 cxd4 12. Rd1 O-O 13. Nc2 Na5 14. Ncxd4 Nxb3 15.
axb3 Qc7 16. Bd2 Rd8 17. Be1 Nd5 18. c4 Nf6 19. Nc2 b6 20. Bb4 Bxb4 21. Nxb4 Bb7
22. h3 h6 23. Na2 Ne4 24. Nc3 Nc5 25. b4 Nb3 26. Rab1 Bxf3 27. Qxf3 Qxc4 28. Ne4
Nd4 29. Qg4 f5 0-1

[Event "TCh-HUN 2017-18"]
[Site "Hungary HUN"]
[Date "2017.12.17"]
[Round "4.6"]
[White "Bakos, Balazs"]
[Black "Terbe, Julianna"]
[Result "1-0"]
[WhiteTitle "FM"]
[BlackTitle "WIM"]
[WhiteElo "2423"]
[BlackElo "2263"]
[WhiteTeam "Penzugyor SE"]
[BlackTeam "MTK Budapest"]
[WhiteFideId "725773"]
[BlackFideId "708780"]
[EventDate "2017.11.25"]
[EventType "team-tourn"]

1. d4 d5 2. c4 c6 3. Nf3 Nf6 4. Nc3 dxc4 5. a4 Bf5 6. e3 e6 7. Bxc4 Bb4 8. O-O
Nbd7 9. Qe2 Bg6 10. e4 O-O 11. Bd3 h6 12. Bf4 Qe7 13. Bg3 Bh5 14. e5 Nd5 15.
Nxd5 cxd5 16. Qe3 Bxf3 17. Qxf3 Nb8 18. Bc2 Nc6 19. Qd3 g6 20. h4 h5 21. Rad1
Rfc8 22. Bb1 Qd8 23. Bf4 Qxh4 24. Qe3 Qd8 25. g4 Qh4 26. gxh5 Qxh5 27. Kg2 Qg4+
28. Bg3 Be7 29. f3 Qg5 30. Qe2 Bf8 31. Rh1 Bg7 32. f4 Qe7 33. Bh4 Qb4 34. Qf2
Ne7 35. Bf6 Kf8 36. Rh7 Bxf6 37. exf6 Ng8 38. Rh8 Rc4 39. f5 gxf5 40. Qg3 Qxb2+
41. Kg1 1-0

[Event "TCh-HUN 2017-18"]
[Site "Hungary HUN"]
[Date "2017.12.17"]
[Round "4.7"]
[White "Terbe, Zsuzsanna"]
[Black "Szuk, Balazs"]
[Result "1/2-1/2"]
[WhiteTitle "WFM"]
[BlackTitle "IM"]
[WhiteElo "2170"]
[BlackElo "2370"]
[WhiteTeam "MTK Budapest"]
[BlackTeam "Penzugyor SE"]
[WhiteFideId "708801"]
[BlackFideId "706019"]
[EventDate "2017.11.25"]
[EventType "team-tourn"]

1. d4 Nf6 2. Bf4 c5 3. e3 Qb6 4. Nc3 e6 5. Nf3 Nh5 6. Bg5 h6 7. Bh4 cxd4 8. Nxd4
Qxb2 9. Ncb5 Qb4+ 10. c3 Qc5 11. Qxh5 g5 12. Bg3 d6 13. Nb3 Qb6 14. Rd1 e5 15.
Bc4 Rh7 16. Bd3 Rh8 17. O-O a6 18. Na3 Be6 19. Nc4 Qc7 20. Ncd2 Nd7 21. Qe2 Nf6
22. e4 h5 23. f3 h4 24. Bf2 g4 25. Be3 gxf3 26. Nxf3 Rg8 27. Kh1 Be7 28. h3 Nh5
29. Qf2 Qd7 30. Kh2 O-O-O 31. Rg1 Rg3 32. Bf1 Qc6 1/2-1/2

[Event "TCh-HUN 2017-18"]
[Site "Hungary HUN"]
[Date "2017.12.17"]
[Round "4.8"]
[White "Fogarasi, Tibor"]
[Black "Berta, Sandor"]
[Result "1/2-1/2"]
[WhiteTitle "GM"]
[WhiteElo "2378"]
[BlackElo "2122"]
[WhiteTeam "Penzugyor SE"]
[BlackTeam "MTK Budapest"]
[WhiteFideId "700363"]
[BlackFideId "713775"]
[EventDate "2017.11.25"]
[EventType "team-tourn"]

1. e4 g6 2. d4 Bg7 3. Nc3 d5 4. exd5 Nf6 5. Bc4 Nbd7 6. Nf3 O-O 7. O-O Nb6 8.
Bb3 a5 9. a4 Nbxd5 10. Nxd5 Nxd5 11. c3 c6 12. Re1 Re8 13. h3 h6 14. Ne5 Rf8 15.
h4 Qd6 16. h5 g5 17. c4 Nc7 18. c5 Qf6 19. Ng4 Bxg4 20. Qxg4 Qxd4 21. Qxd4 Bxd4
22. Rxe7 Na6 23. Be3 Bxc5 24. Rxb7 Bxe3 25. fxe3 Nc5 26. Rb6 Rab8 27. Rxb8 Rxb8
28. Bc4 Rb4 29. Bf1 Rxb2 30. Rc1 Ne4 31. Bd3 Nf2 32. Bf5 Rd2 33. Rxc6 Nd1 34. e4
Kg7 35. Rc5 Ne3 36. g4 Ng2 37. e5 Nh4 38. Rxa5 Nf3+ 39. Kf1 Nh2+ 40. Ke1 Nf3+
41. Kf1 Nh2+ 42. Ke1 Nf3+ 43. Kf1 Nh2+ 44. Ke1 Nf3+ 1/2-1/2

[Event "TCh-HUN 2017-18"]
[Site "Hungary HUN"]
[Date "2017.12.17"]
[Round "4.9"]
[White "Laza, Szabolcs"]
[Black "Gara, Anita"]
[Result "1-0"]
[BlackTitle "IM"]
[WhiteElo "2173"]
[BlackElo "2385"]
[WhiteTeam "MTK Budapest"]
[BlackTeam "Penzugyor SE"]
[WhiteFideId "741345"]
[BlackFideId "709751"]
[EventDate "2017.11.25"]
[EventType "team-tourn"]

1. d4 Nf6 2. c4 g6 3. Nc3 d5 4. cxd5 Nxd5 5. Na4 Bg7 6. e4 Nb6 7. Be3 O-O 8. Nf3
Bg4 9. Nc5 Nc6 10. Nxb7 Qb8 11. Ba6 e5 12. d5 Nb4 13. Nc5 N6xd5 14. Bb7 Nxe3 15.
fxe3 Bxf3 16. gxf3 Rd8 17. Qb3 Bf8 18. Bxa8 Bxc5 19. Bd5 Nxd5 20. exd5 Qxb3 21.
axb3 Bxe3 22. Ke2 Bd4 23. Rhd1 Rxd5 24. Rxa7 Rb5 25. Ra8+ Kg7 26. Rd3 c5 27. Ra6
h5 28. h3 Rb7 29. Rc6 Kh6 30. h4 Kg7 31. Rc8 f6 32. Rc6 g5 33. hxg5 fxg5 34. Re6
h4 35. Kf1 Ra7 36. b4 cxb4 37. Rb3 h3 38. Rxb4 g4 39. fxg4 Ra1+ 40. Ke2 h2 41.
Rb7+ Kf8 42. Rf6+ Ke8 43. Re6+ Kd8 44. Rg6 Re1+ 45. Kd2 Rd1+ 46. Kc2 Rc1+ 47.
Kb3 Rc7 48. Rg8+ Kd7 49. Rxc7+ Kxc7 50. Rh8 Bg1 51. g5 e4 52. g6 e3 53. Kc2 e2
54. Kd2 Bd4 55. Rxh2 Bxb2 56. g7 1-0